Vista normal Vista MARC

Entrada Personal Name

Número de registros utilizados en: 1

001 - CONTROL NUMBER

  • control field: 8111

003 - CONTROL NUMBER IDENTIFIER

  • control field: OSt

005 - DATE AND TIME OF LATEST TRANSACTION

  • control field: 20200729150335.0

008 - FIXED-LENGTH DATA ELEMENTS

  • fixed length control field: 200729|| aca||aabn | a|a d

040 ## - CATALOGING SOURCE

  • Original cataloging agency: OSt
  • Transcribing agency: OSt

100 ## - HEADING--PERSONAL NAME

  • Personal name: Sanders, Lawrence,
  • Dates associated with a name: 1920-1998

670 ## - SOURCE DATA FOUND

  • Source citation: Work cat.: (OSt)3738: Sanders, Lawrence, 1920-1998 autor, El tercer pecado mortal / , ©1982